000 00304nam a22001337a 4500
008 171107b xxu||||| |||| 00| 0 eng d
020 _a2900132557619
041 _aeng
080 _22ND
_a330.722.6
100 _a62
101 _aKON
245 _aMANAGEMENT ACCOUNTING
_cATKINSON,A.A
942 _2udc
_cBK
999 _c37999
_d37999